|
|
|
|
| LEADER |
00000nam a2200000Ia 4500 |
| 008 |
180711b1986 cr ||||| |||| 00| | spa d |
| 999 |
|
|
|c 2210
|d 2210
|
| 090 |
|
|
|a 18.01.00
|b 362
|
| 100 |
1 |
|
|a Hernández Bonilla, Pablo
|9 3991
|
| 245 |
1 |
0 |
|a Paradigmas de la investigación y la evaluación educativas
|
| 260 |
|
|
|a San José, Costa Rica :
|b UCR,
|c 1986
|
| 300 |
|
|
|a 81 páginas
|
| 500 |
|
|
|a A la cabeza de la portada Universidad de Costa Rica. Centro Regional del Atlántico Facultad de Educación. Escuela de Administración Educativa
|
| 650 |
1 |
4 |
|a INVESTIGACIÓN
|9 163
|
| 650 |
1 |
4 |
|a PSICOLOGÍA DE LA EDUCACIÓN
|9 625
|
| 650 |
1 |
4 |
|a EVALUACIÓN DE LA EDUCACIÓN
|9 308
|
| 650 |
1 |
4 |
|a AUTOEVALUACIÓN
|9 761
|
| 650 |
1 |
4 |
|a APRENDIZAJE
|9 387
|
| 942 |
|
|
|i 00481
|h 18.01.00 362
|2 z
|c 01
|